| 000 | 01117nam a2200337 i 4500 | ||
|---|---|---|---|
| 001 | 195542 | ||
| 003 | SpMaBN | ||
| 005 | 20250629053024.0 | ||
| 007 | ta | ||
| 008 | 240621s1970 mx spa | ||
| 016 | 7 |
_abimoBNE19993447930 _zIND9200504121 _2SpMaBN |
|
| 035 | _a(OCoLC)432450176 | ||
| 035 | _abimo0001095206 | ||
| 040 |
_aSpMaBN _bspa _cA2 _dES-MaACL |
||
| 080 | _a860-14"19" | ||
| 100 | 1 |
_aLeón Felipe, _d1884-1968 _0XX956123 _971613 |
|
| 245 | 1 | 1 |
_a¡Oh, el barro, el barro! / _cLeón Felipe. |
| 260 |
_aMéxico : _bFinisterre, _c1970. |
||
| 300 |
_a[18] h. ; _c31 cm |
||
| 336 |
_2rdacontent _atexto |
||
| 337 |
_2rdamedia _asin mediación |
||
| 338 |
_2rdacarrier _avolumen |
||
| 650 | 4 |
_916177 _aPoesía española- _yS.XX |
|
| 655 | 7 |
_2tgfbne _9176539 _aPoesías |
|
| 852 |
_aES-MaACL _cDEPOF _jFOLL-BUE-29 _hLegado: Antonio Buero Vallejo _9203744 |
||
| 903 |
_932421 _aBuero Vallejo, Antonio, _q1 _d1916-2000 _ednr |
||
| 942 |
_n0 _cFOLLETOS |
||
| 999 |
_c195542 _d195542 |
||